| 000 | 01338 a2200265 4500 | ||
|---|---|---|---|
| 003 | OSt | ||
| 005 | 20180116192329.0 | ||
| 008 | 120516t xxu||||| |||| 00| 0 eng d | ||
| 010 | _a 82906484 | ||
| 020 | _a8170172977 | ||
| 020 | _a8170174147 | ||
| 040 | _c0 | ||
| 082 | 0 | 0 | _a722.44 |
| 100 | 1 |
_aNath, R. _91556 |
|
| 245 | 1 | 0 |
_aHistory of Mughal architecture / _cR. Nath. _nVol.3 _pSADA3. The transitional phase of colour and design, Jehāngīr, 1605-1627 A.D. |
| 260 |
_aNew Delhi : _bAbhinav, _c1982-<2005> |
||
| 300 |
_aV.3 _bill. (some col.), maps ; _c29 cm. |
||
| 500 | _aVol. <2 > has imprint: Atlantic Highlands, NJ : Humanities Press. | ||
| 505 | 1 | _av. 1. [without special title] -- v. 2. Akbar, 1556-1605 A.D., the age of personality architecture -- v. 3. The transitional phase of colour and design, Jehāngīr, 1605-1627 A.D. -- v. 4, pt. 1. The age of architectural aestheticism Shāh Jehān, 1628-1658 A.D. | |
| 650 | 0 |
_aArchitecture, Mogul. _91557 |
|
| 650 | 0 |
_aIslamic architecture _zIndia. _91558 |
|
| 856 |
_3Table of contents _iVol; 3 (the transitional phase of colour & design, Jahangir, 1605-1627 A.D) Vol;4 (the age of Architectural aestheticism,Shah Jehan, 1628-1658 A.D) |
||
| 942 |
_aSADA _cBK _k722.44 NAT 2005 _2ddc |
||
| 999 |
_c352299 _d352299 |
||